Semiconductor electrodes and photoelectrochemistry / (Record no. 26551)

MARC details
000 -LEADER
fixed length control field 01399cam a2200385 i 4500
003 - CONTROL NUMBER IDENTIFIER
control field EG-ScBUE
005 - DATE AND TIME OF LATEST TRANSACTION
control field 20250717090654.0
008 - FIXED-LENGTH DATA ELEMENTS--GENERAL INFORMATION
fixed length control field 020701t2002 gw a f b 001 0 eng d
020 ## - INTERNATIONAL STANDARD BOOK NUMBER
International Standard Book Number 3527303987
020 ## - INTERNATIONAL STANDARD BOOK NUMBER
International Standard Book Number 9783527303984
035 ## - SYSTEM CONTROL NUMBER
System control number (OCoLC)ocm50095235
040 ## - CATALOGING SOURCE
Original cataloging agency CUS
Language of cataloging eng
Description conventions rda
Transcribing agency CUS
Modifying agency DLC
-- EG-ScBUE
082 04 - DEWEY DECIMAL CLASSIFICATION NUMBER
Classification number 541.3724
Edition number 22
Item number SEM
245 00 - TITLE STATEMENT
Title Semiconductor electrodes and photoelectrochemistry /
Statement of responsibility, etc edited by S. Licht.
264 #1 - PUBLICATION, DISTRIBUTION, ETC. (IMPRINT)
Place of publication, distribution, etc Weinheim :
Name of publisher, distributor, etc Wiley-VCH,
Date of publication, distribution, etc [2002]
264 #4 - PUBLICATION, DISTRIBUTION, ETC. (IMPRINT)
Date of publication, distribution, etc c2002
300 ## - PHYSICAL DESCRIPTION
Extent x, 597 pages :
Other physical details illustrations ;
Dimensions 25 cm.
336 ## - CONTENT TYPE
Source rdacontent
Content type term text
Content type code txt
337 ## - MEDIA TYPE
Media type term unmediated
Source rdamedia
Media type code n
338 ## - CARRIER TYPE
Carrier type term volume
Carrier type code nc
Source rdacarrier
490 0# - SERIES STATEMENT
Series statement Encyclopedia of electrochemistry ;
Volume number/sequential designation 6.
504 ## - BIBLIOGRAPHY, ETC. NOTE
Bibliography, etc Includes bibliographical references and index.
650 #7 - SUBJECT ADDED ENTRY--TOPICAL TERM
Topical term or geographic name as entry element Electrodes, Oxide.
Source of heading or term BUEsh
650 #7 - SUBJECT ADDED ENTRY--TOPICAL TERM
Topical term or geographic name as entry element Semiconductors.
Source of heading or term BUEsh
650 #7 - SUBJECT ADDED ENTRY--TOPICAL TERM
Topical term or geographic name as entry element Solar cells
General subdivision Research.
Source of heading or term BUEsh
650 #7 - SUBJECT ADDED ENTRY--TOPICAL TERM
Topical term or geographic name as entry element Photoelectrochemistry.
Source of heading or term BUEsh
651 ## - SUBJECT ADDED ENTRY--GEOGRAPHIC NAME
Source of heading or term BUEsh
653 ## - INDEX TERM--UNCONTROLLED
Resource For college Pharmacy
Arrived date list April2018
655 ## - INDEX TERM--GENRE/FORM
Form subdivision Reading book
700 1# - ADDED ENTRY--PERSONAL NAME
Personal name Licht, S.
Fuller form of name (Stuart)
Relator term editor.
9 (RLIN) 3982
856 42 - ELECTRONIC LOCATION AND ACCESS
Materials specified Publisher description
Uniform Resource Identifier <a href="http://www.loc.gov/catdir/description/wiley037/2002524707.html">http://www.loc.gov/catdir/description/wiley037/2002524707.html</a>
856 41 - ELECTRONIC LOCATION AND ACCESS
Materials specified Table of contents
Uniform Resource Identifier <a href="http://www.loc.gov/catdir/toc/wiley031/2002524707.html">http://www.loc.gov/catdir/toc/wiley031/2002524707.html</a>
856 42 - ELECTRONIC LOCATION AND ACCESS
Materials specified Book review (E-STREAMS)
Uniform Resource Identifier <a href="http://www.e-streams.com/es0511/es0511_2163.html">http://www.e-streams.com/es0511/es0511_2163.html</a>
942 ## - ADDED ENTRY ELEMENTS (KOHA)
Source of classification or shelving scheme Dewey Decimal Classification
Koha item type Book - Borrowing
Holdings
Withdrawn status Lost status Source of classification or shelving scheme Damaged status Not for loan Home library Current library Shelving location Date acquired Source of acquisition Cost, normal purchase price Serial Enumeration / chronology Total Checkouts Total Renewals Full call number Barcode Date last seen Date checked out Koha item type
    Dewey Decimal Classification     Central Library Central Library First floor 18/04/2018 Purchase 1800.00 60539 11 2 541.3724 SEM 000042733 15/07/2025 25/07/2018 Book - Borrowing